Kịch nói Trung Quốc

Salvato in:
Dettagli Bibliografici
Autore principale: Điền Bản Tương
Natura: Libro
Lingua:Undetermined
Pubblicazione: H. Thế Giới 2002
Soggetti:
Tags: Aggiungi Tag
Nessun Tag, puoi essere il primo ad aggiungerne! !
Thư viện lưu trữ: Trung tâm Học liệu Trường Đại học Cần Thơ
LEADER 00511nam a2200181Ia 4500
001 CTU_54649
008 210402s9999 xx 000 0 und d
020 |b 20000 
082 |a 792.0951 
082 |b T561 
100 |a Điền Bản Tương 
245 0 |a Kịch nói Trung Quốc 
245 0 |c Điền Bản Tương; Nguyễn Huy Hoan dịch 
260 |a H. 
260 |b Thế Giới 
260 |c 2002 
650 |a chinese drama 
980 |a Trung tâm Học liệu Trường Đại học Cần Thơ